Normal view
MARC view
- الزراعة-الزراعة المحمية
Entry Topical Term
001 - CONTROL NUMBER
- control field: 64558
003 - CONTROL NUMBER IDENTIFIER
- control field: JO-AjAnu
005 - DATE AND TIME OF LATEST TRANSACTION
- control field: 20231129132542.0
008 - FIXED-LENGTH DATA ELEMENTS
- fixed length control field: 231129|| aca||babn | a|a d
040 ## - CATALOGING SOURCE
- Original cataloging agency: JO-AjAnu
150 ## - HEADING--TOPICAL TERM
- Linkage: الزراعة-الزراعة المحمية
- Topical term or geographic name entry element: الزراعة-الزراعة المحمية